000
00286nam a22001217a 4500
008
180122b xxu||||| |||| 00| 0 eng d
041
_a
eng
080
_a
616.12-008-073 ZEN
100
_a
7
101
_a
KARD
245
_a
Cardiovascular prescribing guide
_c
Zeneca,A
942
_2
udc
_c
BK
999
_c
40680
_d
40680